Modely reakce prodeje na reklamu

Reklama v ekonomickej literatúre. Optimálna stratégia pre určenie výdavkov na reklamu. Modely optimalizácie nákladov na reklamu. Modely Vidale-Wolfeho typu, Lanchestrovho typu a Leitmannovho typu. Model prebytku reklamy a kombinované modely.

Saved in:
Bibliographic Details
Main Author: Mariel, Petr
Format: Book Chapter
Language:Czech
Subjects:
Tags: Add Tag
No Tags, Be the first to tag this record!

MARC

LEADER 00000naa a2200000 4500
001 r033191
005 20230912091903.6
041 0 |a cze 
044 |a CZ 
245 1 0 |a Modely reakce prodeje na reklamu  |c Petr Mariel 
520 |a Reklama v ekonomickej literatúre. Optimálna stratégia pre určenie výdavkov na reklamu. Modely optimalizácie nákladov na reklamu. Modely Vidale-Wolfeho typu, Lanchestrovho typu a Leitmannovho typu. Model prebytku reklamy a kombinované modely. 
610 2 0 |a reklama 
610 2 0 |a zákazníci 
610 2 0 |a informácie 
610 2 0 |a náklady 
610 2 0 |a výdavky 
610 2 0 |a modely statické 
610 2 0 |a modely matematické 
610 2 0 |a stratégia marketingová 
100 1 |a Mariel, Petr